[Event "Irena Warakomska Memorial 2019"]
[Site "Suwalki"]
[Date "2019.08.05"]
[Round "1"]
[White "Iturrizaga Bonelli, Eduardo"]
[Black "Selbes, Tarik"]
[Result "1-0"]
[Board "1"]
[WhiteElo "2635"]
[WhiteTitle "GM"]
[WhiteCountry "VEN"]
[WhiteFideId "3901211"]
[WhiteEloChange "1"]
[BlackElo "2302"]
[BlackTitle "FM"]
[BlackCountry "TUR"]
[BlackFideId "6302513"]
[BlackEloChange "-3"]

1. c4 {[%clk 1:30:53]} Nf6 {[%clk 1:30:48]} 2. Nc3 {[%clk 1:31:18]} g6 {[%clk
1:31:11]} 3. g3 {[%clk 1:31:09]} Bg7 {[%clk 1:31:34]} 4. Bg2 {[%clk 1:31:34]} O-O
{[%clk 1:31:58]} 5. d4 {[%clk 1:32:00]} d6 {[%clk 1:32:23]} 6. Nf3 {[%clk
1:32:26]} a6 {[%clk 1:32:26]} 7. O-O {[%clk 1:32:47]} Nc6 {[%clk 1:32:36]} 8. d5
{[%clk 1:33:13]} Na5 {[%clk 1:32:54]} 9. b3 {[%clk 1:33:39]} c5 {[%clk 1:33:03]}
10. dxc6 {[%clk 1:34:05]} bxc6 {[%clk 1:32:41]} 11. Bd2 {[%clk 1:34:11]} Rb8
{[%clk 1:32:48]} 12. c5 {[%clk 1:34:20]} d5 {[%clk 1:18:41]} 13. Bf4 {[%clk
1:34:32]} Rb7 {[%clk 1:18:36]} 14. Be5 {[%clk 1:34:57]} Nh5 {[%clk 1:08:10]} 15.
Na4 {[%clk 1:29:58]} Bf5 {[%clk 1:01:27]} 16. Qd2 {[%clk 1:27:34]} Be4 {[%clk
0:59:08]} 17. Bxg7 {[%clk 1:26:26]} Nxg7 {[%clk 0:59:32]} 18. Nb6 {[%clk
1:26:51]} Rxb6 {[%clk 0:59:33]} 19. cxb6 {[%clk 1:27:17]} Qxb6 {[%clk 0:59:54]}
20. Ne5 {[%clk 1:26:43]} Bxg2 {[%clk 0:57:38]} 21. Kxg2 {[%clk 1:27:08]} Rd8
{[%clk 0:56:44]} 22. b4 {[%clk 1:25:02]} Nb7 {[%clk 0:55:38]} 23. Rfc1 {[%clk
1:25:10]} Rd6 {[%clk 0:55:52]} 24. a4 {[%clk 1:23:05]} Nf5 {[%clk 0:50:33]} 25.
Rab1 {[%clk 1:18:17]} Re6 {[%clk 0:48:18]} 26. Nd7 {[%clk 1:14:11]} Qd8 {[%clk
0:43:53]} 27. Nc5 {[%clk 1:14:29]} Nxc5 {[%clk 0:44:05]} 28. Rxc5 {[%clk
1:14:13]} Qb6 {[%clk 0:43:10]} 29. Rbc1 {[%clk 1:11:32]} h5 {[%clk 0:43:07]} 30.
R1c2 {[%clk 1:07:28]} Kh7 {[%clk 0:42:21]} 31. Qc3 {[%clk 1:05:46]} Qb7 {[%clk
0:38:05]} 32. Rxc6 {[%clk 0:49:16]} d4 {[%clk 0:37:34]} 33. Qf3 {[%clk 0:49:37]}
d3 {[%clk 0:33:33]} 34. Rxe6 {[%clk 0:48:48]} dxc2 {[%clk 0:28:50]} 35. Qxb7
{[%clk 0:49:08]} c1Q {[%clk 0:29:10]} 36. Rxe7 {[%clk 0:41:59]} Nxe7 {[%clk
0:27:58]} 37. Qxe7 {[%clk 0:42:25]} Qc6+ {[%clk 0:28:18]} 38. e4 {[%clk 0:41:30]}
Kg8 {[%clk 0:28:26]} 39. a5 {[%clk 0:41:51]} f5 {[%clk 0:28:21]} 40. Qd8+ {[%clk
1:11:54]} Kh7 {[%clk 0:58:41]} 41. Qd5 {[%clk 1:12:20]} Qc8 {[%clk 0:58:22]} 42.
exf5 {[%clk 1:11:28]} gxf5 {[%clk 0:58:45]} 43. h4 {[%clk 1:09:25]} Kg7 {[%clk
0:58:10]} 44. b5 {[%clk 1:09:21]} axb5 {[%clk 0:58:34]} 45. Qxb5 {[%clk 1:09:47]}
Qa8+ {[%clk 0:58:49]} 46. Kg1 {[%clk 1:10:12]} 1-0

[Event "Irena Warakomska Memorial 2019"]
[Site "Suwalki"]
[Date "2019.08.05"]
[Round "1"]
[White "Szpar, Milosz"]
[Black "Tomczak, Jacek"]
[Result "1-0"]
[Board "2"]
[WhiteElo "2290"]
[WhiteTitle "FM"]
[WhiteCountry "POL"]
[WhiteFideId "1184989"]
[WhiteEloChange "17"]
[BlackElo "2628"]
[BlackTitle "GM"]
[BlackCountry "POL"]
[BlackFideId "1124668"]
[BlackEloChange "-9"]

1. e4 {[%clk 1:30:57]} e6 {[%clk 1:30:39]} 2. d4 {[%clk 1:31:16]} d5 {[%clk
1:30:59]} 3. Nd2 {[%clk 1:31:31]} Be7 {[%clk 1:29:16]} 4. Bd3 {[%clk 1:28:05]} c5
{[%clk 1:28:33]} 5. dxc5 {[%clk 1:26:17]} Nf6 {[%clk 1:28:43]} 6. Qe2 {[%clk
1:21:58]} O-O {[%clk 1:27:09]} 7. Ngf3 {[%clk 1:21:39]} a5 {[%clk 1:27:25]} 8.
O-O {[%clk 1:19:43]} Na6 {[%clk 1:26:41]} 9. exd5 {[%clk 1:17:25]} exd5 {[%clk
1:14:05]} 10. Nb3 {[%clk 1:09:13]} Re8 {[%clk 1:05:15]} 11. Bb5 {[%clk 1:04:54]}
Bd7 {[%clk 1:04:19]} 12. Bxd7 {[%clk 1:03:33]} Qxd7 {[%clk 1:03:48]} 13. Be3
{[%clk 0:58:49]} a4 {[%clk 0:59:58]} 14. Nbd4 {[%clk 0:58:12]} Bxc5 {[%clk
0:59:20]} 15. h3 {[%clk 0:56:46]} a3 {[%clk 0:58:30]} 16. bxa3 {[%clk 0:50:58]}
Ne4 {[%clk 0:51:08]} 17. Qb5 {[%clk 0:38:26]} Qc8 {[%clk 0:42:26]} 18. Qb3 {[%clk
0:36:26]} Nc7 {[%clk 0:42:14]} 19. a4 {[%clk 0:29:38]} b6 {[%clk 0:39:07]} 20.
Rfd1 {[%clk 0:23:21]} Qd7 {[%clk 0:18:46]} 21. Nb5 {[%clk 0:17:43]} Bxe3 {[%clk
0:15:31]} 22. Qxe3 {[%clk 0:17:15]} Nxb5 {[%clk 0:14:26]} 23. axb5 {[%clk
0:17:37]} Qxb5 {[%clk 0:14:47]} 24. Rdb1 {[%clk 0:15:30]} Qc5 {[%clk 0:09:52]}
25. Rxb6 {[%clk 0:14:02]} Qxc2 {[%clk 0:10:15]} 26. a3 {[%clk 0:09:35]} Ng3
{[%clk 0:04:26]} 27. Qb3 {[%clk 0:05:56]} Ne2+ {[%clk 0:04:35]} 28. Kf1 {[%clk
0:04:45]} Qe4 {[%clk 0:02:28]} 29. Re1 {[%clk 0:04:10]} Rac8 {[%clk 0:01:53]} 30.
Qb5 {[%clk 0:03:03]} Qf4 {[%clk 0:00:49]} 31. Rxe2 {[%clk 0:02:27]} Rxe2 {[%clk
0:00:32]} 32. Qxe2 {[%clk 0:01:48]} Qc1+ {[%clk 0:00:33]} 33. Qe1 {[%clk
0:01:34]} Qxa3 {[%clk 0:00:59]} 34. Rb1 {[%clk 0:01:44]} h6 {[%clk 0:00:47]} 35.
Kg1 {[%clk 0:01:59]} Qd6 {[%clk 0:00:39]} 36. Rd1 {[%clk 0:01:51]} Rd8 {[%clk
0:01:04]} 37. Qe3 {[%clk 0:01:46]} Qd7 {[%clk 0:01:09]} 38. Ne5 {[%clk 0:01:26]}
Qe6 {[%clk 0:01:33]} 39. Qd4 {[%clk 0:01:14]} Re8 {[%clk 0:01:35]} 40. Nd3 {[%clk
0:31:17]} Qf5 {[%clk 0:31:57]} 41. Nb4 {[%clk 0:29:14]} 1-0

[Event "Irena Warakomska Memorial 2019"]
[Site "Suwalki"]
[Date "2019.08.05"]
[Round "1"]
[White "Stupak, Kirill"]
[Black "Czerw, Dawid"]
[Result "1/2-1/2"]
[Board "3"]
[WhiteElo "2561"]
[WhiteTitle "GM"]
[WhiteCountry "BLR"]
[WhiteFideId "13503758"]
[WhiteEloChange "-3"]
[BlackElo "2281"]
[BlackTitle "FM"]
[BlackCountry "POL"]
[BlackFideId "1145746"]
[BlackEloChange "7"]

1. d4 {[%clk 1:30:56]} Nf6 {[%clk 1:30:57]} 2. Nf3 {[%clk 1:29:39]} e6 {[%clk
1:29:36]} 3. g3 {[%clk 1:30:06]} d5 {[%clk 1:27:42]} 4. c4 {[%clk 1:29:55]} dxc4
{[%clk 1:27:52]} 5. Bg2 {[%clk 1:30:21]} Bb4+ {[%clk 1:28:15]} 6. Nbd2 {[%clk
1:24:46]} b5 {[%clk 1:20:16]} 7. a4 {[%clk 1:24:05]} c6 {[%clk 1:18:30]} 8. O-O
{[%clk 1:24:28]} O-O {[%clk 1:12:15]} 9. Qc2 {[%clk 1:21:21]} Bb7 {[%clk
1:08:08]} 10. b3 {[%clk 1:21:49]} cxb3 {[%clk 1:04:47]} 11. Nxb3 {[%clk 1:22:16]}
Nbd7 {[%clk 1:01:04]} 12. Ne1 {[%clk 1:22:41]} Nd5 {[%clk 0:46:56]} 13. Nd3
{[%clk 1:16:40]} Be7 {[%clk 0:45:00]} 14. Bd2 {[%clk 1:15:07]} a6 {[%clk
0:41:19]} 15. Rfd1 {[%clk 1:07:54]} Qb8 {[%clk 0:32:41]} 16. Ndc5 {[%clk
0:56:17]} Nxc5 {[%clk 0:30:10]} 17. Nxc5 {[%clk 0:56:35]} Qa7 {[%clk 0:22:39]}
18. Ba5 {[%clk 0:46:31]} Bd8 {[%clk 0:18:06]} 19. Bd2 {[%clk 0:40:44]} Be7 {[%clk
0:18:35]} 20. Rdc1 {[%clk 0:36:27]} Rac8 {[%clk 0:17:25]} 21. e3 {[%clk 0:31:33]}
Rfe8 {[%clk 0:14:20]} 22. Ba5 {[%clk 0:18:46]} h6 {[%clk 0:11:13]} 23. Qb2 {[%clk
0:16:19]} Bxc5 {[%clk 0:03:25]} 24. dxc5 {[%clk 0:13:05]} Qb8 {[%clk 0:02:31]}
25. Rd1 {[%clk 0:11:36]} Re7 {[%clk 0:02:01]} 26. Rd2 {[%clk 0:09:34]} f5 {[%clk
0:01:53]} 27. e4 {[%clk 0:06:58]} fxe4 {[%clk 0:02:19]} 28. Bxe4 {[%clk 0:07:26]}
Rf8 {[%clk 0:02:11]} 29. Re1 {[%clk 0:07:31]} Qe8 {[%clk 0:01:25]} 30. Qe5 {[%clk
0:06:29]} bxa4 {[%clk 0:00:47]} 31. Bb1 {[%clk 0:05:46]} Qf7 {[%clk 0:00:56]} 32.
Qe4 {[%clk 0:05:23]} g5 {[%clk 0:01:05]} 33. Qxa4 {[%clk 0:04:49]} Qg7 {[%clk
0:00:59]} 34. Qc2 {[%clk 0:01:21]} Bc8 {[%clk 0:01:06]} 35. Rde2 {[%clk 0:01:30]}
e5 {[%clk 0:00:45]} 36. Qb2 {[%clk 0:01:12]} Ref7 {[%clk 0:00:42]} 37. Ba2 {[%clk
0:01:17]} Kh8 {[%clk 0:00:43]} 38. Rxe5 {[%clk 0:00:43]} Rxf2 {[%clk 0:00:54]}
39. Qxf2 {[%clk 0:01:11]} Rxf2 {[%clk 0:01:19]} 40. Kxf2 {[%clk 0:31:31]} Qf8+
{[%clk 0:30:40]} 41. Kg2 {[%clk 0:29:49]} Qxc5 {[%clk 0:25:55]} 42. Bd2 {[%clk
0:27:24]} Bg4 {[%clk 0:18:11]} 43. Bb1 {[%clk 0:14:03]} Qd4 {[%clk 0:11:54]} 44.
Bc1 {[%clk 0:12:25]} Qc3 {[%clk 0:09:49]} 45. Re8+ {[%clk 0:02:32]} Kg7 {[%clk
0:10:17]} 46. Be3 {[%clk 0:02:18]} 1/2-1/2

[Event "Irena Warakomska Memorial 2019"]
[Site "Suwalki"]
[Date "2019.08.05"]
[Round "1"]
[White "Nasuta, Grzegorz"]
[Black "Chan, Kim Yew"]
[Result "1-0"]
[Board "5"]
[WhiteElo "2533"]
[WhiteTitle "GM"]
[WhiteCountry "POL"]
[WhiteFideId "1141686"]
[WhiteEloChange "2"]
[BlackElo "2276"]
[BlackCountry "MAS"]
[BlackFideId "5717981"]
[BlackEloChange "-4"]

1. e4 {[%clk 1:30:37]} c5 {[%clk 1:30:59]} 2. Nf3 {[%clk 1:30:59]} Nc6 {[%clk
1:31:14]} 3. d4 {[%clk 1:30:01]} cxd4 {[%clk 1:31:31]} 4. Nxd4 {[%clk 1:30:25]}
g6 {[%clk 1:31:30]} 5. c4 {[%clk 1:30:35]} Nf6 {[%clk 1:31:55]} 6. Nc3 {[%clk
1:30:57]} d6 {[%clk 1:32:22]} 7. f3 {[%clk 1:29:29]} Nxd4 {[%clk 1:32:41]} 8.
Qxd4 {[%clk 1:29:52]} Bg7 {[%clk 1:33:09]} 9. Be3 {[%clk 1:30:05]} O-O {[%clk
1:33:32]} 10. Qd2 {[%clk 1:30:30]} Be6 {[%clk 1:33:49]} 11. Rc1 {[%clk 1:28:28]}
Qa5 {[%clk 1:33:33]} 12. b3 {[%clk 1:28:28]} a6 {[%clk 1:33:19]} 13. Bd3 {[%clk
1:17:27]} Rfc8 {[%clk 1:25:00]} 14. Ne2 {[%clk 1:16:59]} Qxd2+ {[%clk 1:24:41]}
15. Kxd2 {[%clk 1:16:40]} Nd7 {[%clk 1:19:40]} 16. Nf4 {[%clk 1:14:49]} Nc5
{[%clk 1:17:11]} 17. Be2 {[%clk 1:14:27]} a5 {[%clk 1:08:58]} 18. h4 {[%clk
0:50:46]} h5 {[%clk 1:02:38]} 19. Rcg1 {[%clk 0:36:58]} Bh6 {[%clk 0:55:52]} 20.
Nxe6 {[%clk 0:24:15]} Bxe3+ {[%clk 0:56:07]} 21. Kxe3 {[%clk 0:24:43]} Nxe6
{[%clk 0:53:43]} 22. f4 {[%clk 0:23:43]} a4 {[%clk 0:34:03]} 23. b4 {[%clk
0:23:45]} Kg7 {[%clk 0:28:15]} 24. a3 {[%clk 0:17:24]} Ra6 {[%clk 0:24:52]} 25.
g4 {[%clk 0:05:13]} hxg4 {[%clk 0:25:05]} 26. Rxg4 {[%clk 0:05:38]} Kf6 {[%clk
0:22:53]} 27. h5 {[%clk 0:05:59]} Rh8 {[%clk 0:21:44]} 28. Rgg1 {[%clk 0:04:59]}
gxh5 {[%clk 0:19:56]} 29. Bxh5 {[%clk 0:02:36]} Rc6 {[%clk 0:19:45]} 30. Be2
{[%clk 0:01:44]} Rxh1 {[%clk 0:20:13]} 31. Rxh1 {[%clk 0:02:06]} Nf8 {[%clk
0:10:04]} 32. Rh5 {[%clk 0:01:56]} Nd7 {[%clk 0:07:46]} 33. Rf5+ {[%clk 0:01:32]}
Kg7 {[%clk 0:08:15]} 34. Ra5 {[%clk 0:01:03]} Nb6 {[%clk 0:06:38]} 35. Kd4 {[%clk
0:01:26]} f6 {[%clk 0:04:09]} 36. c5 {[%clk 0:01:31]} e5+ {[%clk 0:03:35]} 37.
fxe5 {[%clk 0:02:00]} fxe5+ {[%clk 0:03:51]} 38. Kc3 {[%clk 0:01:52]} dxc5 {[%clk
0:04:05]} 39. bxc5 {[%clk 0:01:20]} Nd7 {[%clk 0:02:57]} 40. Kb4 {[%clk 0:31:44]}
b6 {[%clk 0:30:55]} 41. Ra7 {[%clk 0:31:10]} bxc5+ {[%clk 0:29:52]} 42. Kc3
{[%clk 0:30:59]} Rd6 {[%clk 0:29:04]} 43. Bb5 {[%clk 0:31:14]} Rb6 {[%clk
0:29:14]} 44. Rxd7+ {[%clk 0:31:25]} Kf6 {[%clk 0:29:44]} 45. Kc4 {[%clk
0:31:34]} Ke6 {[%clk 0:30:13]} 46. Rc7 {[%clk 0:30:45]} 1-0

[Event "Irena Warakomska Memorial 2019"]
[Site "Suwalki"]
[Date "2019.08.05"]
[Round "1"]
[White "Reza, Wojciech"]
[Black "Czarnota, Pawel"]
[Result "1/2-1/2"]
[Board "6"]
[WhiteElo "2261"]
[WhiteTitle "FM"]
[WhiteCountry "POL"]
[WhiteFideId "1151967"]
[WhiteEloChange "7"]
[BlackElo "2532"]
[BlackTitle "GM"]
[BlackCountry "POL"]
[BlackFideId "1121219"]
[BlackEloChange "-3"]

1. d4 {[%clk 1:30:48]} Nf6 {[%clk 1:30:37]} 2. c4 {[%clk 1:30:41]} g6 {[%clk
1:30:22]} 3. Nf3 {[%clk 1:30:14]} Bg7 {[%clk 1:30:40]} 4. e3 {[%clk 1:30:13]} d6
{[%clk 1:30:13]} 5. Be2 {[%clk 1:29:10]} Nbd7 {[%clk 1:29:56]} 6. O-O {[%clk
1:27:52]} O-O {[%clk 1:30:13]} 7. Nc3 {[%clk 1:28:01]} e5 {[%clk 1:30:24]} 8. Qc2
{[%clk 1:27:55]} Re8 {[%clk 1:30:41]} 9. Rd1 {[%clk 1:26:49]} e4 {[%clk 1:27:30]}
10. Nd2 {[%clk 1:26:17]} Qe7 {[%clk 1:27:25]} 11. b4 {[%clk 1:26:38]} Nf8 {[%clk
1:26:09]} 12. Bb2 {[%clk 1:25:30]} h5 {[%clk 1:24:10]} 13. Rac1 {[%clk 1:18:55]}
N8h7 {[%clk 1:18:41]} 14. d5 {[%clk 1:09:43]} h4 {[%clk 1:09:14]} 15. h3 {[%clk
1:08:56]} Ng5 {[%clk 1:08:15]} 16. Bf1 {[%clk 1:06:23]} Bf5 {[%clk 1:03:42]} 17.
c5 {[%clk 1:00:25]} a6 {[%clk 0:58:46]} 18. Nc4 {[%clk 0:44:38]} Rad8 {[%clk
0:46:48]} 19. Qe2 {[%clk 0:32:11]} Nh5 {[%clk 0:37:01]} 20. Kh1 {[%clk 0:24:15]}
Nf6 {[%clk 0:28:53]} 1/2-1/2

[Event "Irena Warakomska Memorial 2019"]
[Site "Suwalki"]
[Date "2019.08.05"]
[Round "1"]
[White "Shyam, Sundar M."]
[Black "Sernecki, Franciszek"]
[Result "1-0"]
[Board "7"]
[WhiteElo "2520"]
[WhiteTitle "GM"]
[WhiteCountry "IND"]
[WhiteFideId "5019141"]
[WhiteEloChange "2"]
[BlackElo "2260"]
[BlackCountry "POL"]
[BlackFideId "1169297"]
[BlackEloChange "-4"]

1. e4 {[%clk 1:30:05]} e6 {[%clk 1:30:44]} 2. d4 {[%clk 1:30:23]} d5 {[%clk
1:31:09]} 3. Nc3 {[%clk 1:30:49]} dxe4 {[%clk 1:30:26]} 4. Nxe4 {[%clk 1:31:10]}
Nd7 {[%clk 1:30:52]} 5. Bd3 {[%clk 1:30:37]} Ngf6 {[%clk 1:30:56]} 6. Qe2 {[%clk
1:31:01]} c5 {[%clk 1:29:23]} 7. Nxf6+ {[%clk 1:30:00]} Nxf6 {[%clk 1:26:40]} 8.
dxc5 {[%clk 1:30:24]} Bxc5 {[%clk 1:24:54]} 9. Bd2 {[%clk 1:30:51]} O-O {[%clk
1:15:55]} 10. O-O-O {[%clk 1:31:17]} Qc7 {[%clk 1:07:51]} 11. Nf3 {[%clk
1:30:51]} b6 {[%clk 0:52:33]} 12. Ne5 {[%clk 1:09:32]} Bb7 {[%clk 0:46:51]} 13.
Rhe1 {[%clk 1:08:45]} Rac8 {[%clk 0:44:30]} 14. Kb1 {[%clk 1:09:03]} Rfd8 {[%clk
0:41:34]} 15. f4 {[%clk 1:01:14]} Bd6 {[%clk 0:32:56]} 16. g4 {[%clk 0:56:47]}
Nd5 {[%clk 0:30:19]} 17. g5 {[%clk 0:53:59]} Bxe5 {[%clk 0:25:08]} 18. Qxe5
{[%clk 0:38:28]} Qxe5 {[%clk 0:24:04]} 19. fxe5 {[%clk 0:33:37]} g6 {[%clk
0:15:23]} 20. a4 {[%clk 0:30:51]} Ne7 {[%clk 0:12:17]} 21. a5 {[%clk 0:27:10]}
Bf3 {[%clk 0:10:18]} 22. Rc1 {[%clk 0:27:37]} Bg4 {[%clk 0:08:31]} 23. axb6
{[%clk 0:21:47]} axb6 {[%clk 0:08:35]} 24. Bb4 {[%clk 0:22:12]} Nc6 {[%clk
0:04:12]} 25. Bd6 {[%clk 0:17:27]} Bf5 {[%clk 0:04:13]} 26. Bxf5 {[%clk 0:12:28]}
exf5 {[%clk 0:02:44]} 27. Rcd1 {[%clk 0:12:57]} Rd7 {[%clk 0:02:32]} 28. Rd3
{[%clk 0:12:33]} Re8 {[%clk 0:01:39]} 29. h4 {[%clk 0:11:14]} Na5 {[%clk
0:01:04]} 30. b3 {[%clk 0:09:53]} Nb7 {[%clk 0:00:49]} 31. Red1 {[%clk 0:10:17]}
h6 {[%clk 0:00:50]} 32. gxh6 {[%clk 0:07:06]} Kh7 {[%clk 0:00:58]} 33. c4 {[%clk
0:03:39]} Red8 {[%clk 0:00:37]} 34. Kc2 {[%clk 0:02:01]} Na5 {[%clk 0:00:33]} 35.
Kc3 {[%clk 0:01:45]} Nc6 {[%clk 0:00:34]} 36. b4 {[%clk 0:02:09]} Rc8 {[%clk
0:00:44]} 37. e6 {[%clk 0:00:48]} fxe6 {[%clk 0:01:06]} 38. Bf4 {[%clk 0:01:16]}
Rxd3+ {[%clk 0:00:41]} 39. Rxd3 {[%clk 0:01:46]} e5 {[%clk 0:00:36]} 40. Rd7+
{[%clk 0:32:08]} Kh8 {[%clk 0:31:03]} 41. Bg5 {[%clk 0:31:47]} Rf8 {[%clk
0:30:35]} 42. Rd6 {[%clk 0:26:03]} Rc8 {[%clk 0:21:14]} 43. b5 {[%clk 0:16:13]}
Nd4 {[%clk 0:15:34]} 44. Rxb6 {[%clk 0:14:17]} f4 {[%clk 0:14:12]} 45. Bf6+
{[%clk 0:13:53]} Kh7 {[%clk 0:14:28]} 46. Bxe5 {[%clk 0:14:20]} Ne2+ {[%clk
0:14:50]} 47. Kd3 {[%clk 0:14:35]} f3 {[%clk 0:12:07]} 48. Rf6 {[%clk 0:14:59]}
Rd8+ {[%clk 0:11:40]} 49. Ke4 {[%clk 0:13:10]} Ng1 {[%clk 0:11:14]} 50. b6 {[%clk
0:13:33]} Rc8 {[%clk 0:11:23]} 51. b7 {[%clk 0:13:54]} Rxc4+ {[%clk 0:11:30]} 52.
Kd3 {[%clk 0:14:18]} 1-0

[Event "Irena Warakomska Memorial 2019"]
[Site "Suwalki"]
[Date "2019.08.05"]
[Round "1"]
[White "Nowak, Lukasz"]
[Black "Jakubowski, Krzysztof"]
[Result "0-1"]
[Board "8"]
[WhiteElo "2257"]
[WhiteTitle "FM"]
[WhiteCountry "POL"]
[WhiteFideId "1166760"]
[WhiteEloChange "-4"]
[BlackElo "2518"]
[BlackTitle "GM"]
[BlackCountry "POL"]
[BlackFideId "1112848"]
[BlackEloChange "2"]

1. d4 {[%clk 1:30:53]} Nf6 {[%clk 1:30:48]} 2. c4 {[%clk 1:31:16]} b6 {[%clk
1:31:11]} 3. Nf3 {[%clk 1:31:04]} Bb7 {[%clk 1:31:26]} 4. Nc3 {[%clk 1:31:25]} e6
{[%clk 1:31:44]} 5. a3 {[%clk 1:31:47]} g6 {[%clk 1:31:40]} 6. Qc2 {[%clk
1:31:59]} Bxf3 {[%clk 1:31:53]} 7. exf3 {[%clk 1:32:15]} Bg7 {[%clk 1:32:18]} 8.
Be3 {[%clk 1:31:33]} O-O {[%clk 1:32:36]} 9. O-O-O {[%clk 1:26:55]} c6 {[%clk
1:26:41]} 10. h4 {[%clk 1:23:01]} d5 {[%clk 1:25:31]} 11. g4 {[%clk 1:17:46]}
dxc4 {[%clk 1:11:43]} 12. Bxc4 {[%clk 1:17:37]} b5 {[%clk 1:12:09]} 13. Ba2
{[%clk 1:00:06]} b4 {[%clk 1:06:16]} 14. axb4 {[%clk 0:59:43]} a5 {[%clk
1:06:40]} 15. bxa5 {[%clk 0:54:25]} Na6 {[%clk 1:03:32]} 16. Qd2 {[%clk 0:37:06]}
Nb4 {[%clk 1:03:21]} 17. Bb1 {[%clk 0:29:19]} Qxa5 {[%clk 0:59:31]} 18. Bh6
{[%clk 0:23:23]} Bxh6 {[%clk 0:39:18]} 19. Qxh6 {[%clk 0:23:38]} Qa1 {[%clk
0:39:40]} 20. Rd2 {[%clk 0:15:53]} Ra3 {[%clk 0:30:56]} 21. Re1 {[%clk 0:02:38]}
Rb8 {[%clk 0:16:04]} 22. Kd1 {[%clk 0:01:37]} Rxc3 {[%clk 0:16:12]} 23. bxc3
{[%clk 0:02:00]} Nbd5 {[%clk 0:16:33]} 24. Ke2 {[%clk 0:02:04]} Rxb1 {[%clk
0:16:43]} 25. Rxb1 {[%clk 0:01:59]} Qxb1 {[%clk 0:16:33]} 26. Rd3 {[%clk
0:02:14]} Qc2+ {[%clk 0:16:38]} 27. Rd2 {[%clk 0:01:53]} Nxc3+ {[%clk 0:16:42]}
28. Kf1 {[%clk 0:02:14]} Qc1+ {[%clk 0:17:00]} 29. Kg2 {[%clk 0:02:37]} Ne2
{[%clk 0:16:52]} 0-1

[Event "Irena Warakomska Memorial 2019"]
[Site "Suwalki"]
[Date "2019.08.05"]
[Round "1"]
[White "Zakhartsov, Viacheslav V."]
[Black "Szadkowski, Kamil"]
[Result "1-0"]
[Board "9"]
[WhiteElo "2518"]
[WhiteTitle "GM"]
[WhiteCountry "RUS"]
[WhiteFideId "4115333"]
[WhiteEloChange "2"]
[BlackElo "2245"]
[BlackTitle "FM"]
[BlackCountry "POL"]
[BlackFideId "1123203"]
[BlackEloChange "-3"]

1. d4 {[%clk 1:30:57]} Nf6 {[%clk 1:30:43]} 2. c4 {[%clk 1:31:21]} g6 {[%clk
1:30:30]} 3. Nc3 {[%clk 1:31:45]} Bg7 {[%clk 1:30:52]} 4. e4 {[%clk 1:32:06]} d6
{[%clk 1:31:05]} 5. Nf3 {[%clk 1:32:16]} O-O {[%clk 1:31:17]} 6. Be2 {[%clk
1:32:23]} e5 {[%clk 1:31:19]} 7. d5 {[%clk 1:32:35]} Ne8 {[%clk 1:26:02]} 8. h4
{[%clk 1:30:28]} h6 {[%clk 1:22:06]} 9. h5 {[%clk 1:27:49]} g5 {[%clk 1:16:11]}
10. Nh2 {[%clk 1:26:06]} f5 {[%clk 1:08:14]} 11. exf5 {[%clk 1:25:23]} Bxf5
{[%clk 1:08:04]} 12. Nf1 {[%clk 1:21:43]} Na6 {[%clk 0:56:36]} 13. Ng3 {[%clk
1:19:31]} Bh7 {[%clk 0:56:46]} 14. Bd3 {[%clk 0:59:42]} Bxd3 {[%clk 0:46:21]} 15.
Qxd3 {[%clk 0:57:41]} Nc5 {[%clk 0:46:48]} 16. Qe2 {[%clk 0:55:39]} e4 {[%clk
0:47:00]} 17. Ncxe4 {[%clk 0:53:25]} Nxe4 {[%clk 0:46:34]} 18. Qxe4 {[%clk
0:51:20]} Qd7 {[%clk 0:43:15]} 19. O-O {[%clk 0:47:33]} Nf6 {[%clk 0:39:45]} 20.
Qg6 {[%clk 0:43:06]} Ng4 {[%clk 0:37:31]} 21. Bd2 {[%clk 0:40:29]} Ne5 {[%clk
0:31:08]} 22. Qc2 {[%clk 0:34:09]} Qg4 {[%clk 0:25:15]} 23. c5 {[%clk 0:33:59]}
dxc5 {[%clk 0:14:29]} 24. Rae1 {[%clk 0:33:26]} c4 {[%clk 0:12:42]} 25. Re4
{[%clk 0:24:09]} Qd7 {[%clk 0:12:26]} 26. Bc3 {[%clk 0:24:11]} Rae8 {[%clk
0:12:03]} 27. Rfe1 {[%clk 0:22:36]} Nf7 {[%clk 0:06:33]} 28. Rxe8 {[%clk
0:21:09]} Rxe8 {[%clk 0:07:01]} 29. Rxe8+ {[%clk 0:21:15]} Qxe8 {[%clk 0:07:30]}
30. Qg6 {[%clk 0:21:29]} 1-0

[Event "Irena Warakomska Memorial 2019"]
[Site "Suwalki"]
[Date "2019.08.05"]
[Round "1"]
[White "Szostko, Jakub"]
[Black "Greenfeld, Alon"]
[Result "0-1"]
[Board "10"]
[WhiteElo "2245"]
[WhiteTitle "FM"]
[WhiteCountry "POL"]
[WhiteFideId "1174282"]
[WhiteEloChange "-4"]
[BlackElo "2510"]
[BlackTitle "GM"]
[BlackCountry "ISR"]
[BlackFideId "2800039"]
[BlackEloChange "2"]

1. e4 {[%clk 1:30:58]} c5 {[%clk 1:29:14]} 2. Nf3 {[%clk 1:31:22]} Nc6 {[%clk
1:29:37]} 3. Bb5 {[%clk 1:31:35]} e5 {[%clk 1:21:58]} 4. O-O {[%clk 1:31:10]} Bd6
{[%clk 1:22:23]} 5. c3 {[%clk 1:30:36]} a6 {[%clk 1:22:07]} 6. Ba4 {[%clk
1:27:04]} Nge7 {[%clk 1:09:13]} 7. d4 {[%clk 1:25:26]} cxd4 {[%clk 1:08:53]} 8.
cxd4 {[%clk 1:25:44]} exd4 {[%clk 1:09:12]} 9. Nxd4 {[%clk 1:25:12]} O-O {[%clk
1:03:58]} 10. Nf3 {[%clk 1:24:02]} Bc5 {[%clk 1:00:54]} 11. Nc3 {[%clk 1:23:53]}
d6 {[%clk 0:54:56]} 12. h3 {[%clk 1:18:05]} Be6 {[%clk 0:53:13]} 13. Bb3 {[%clk
1:12:40]} Ne5 {[%clk 0:43:43]} 14. Nd4 {[%clk 0:40:22]} Bxh3 {[%clk 0:41:58]} 15.
Bg5 {[%clk 0:33:29]} Qd7 {[%clk 0:38:53]} 16. f3 {[%clk 0:23:55]} Be6 {[%clk
0:37:27]} 17. Kh1 {[%clk 0:20:01]} b5 {[%clk 0:19:53]} 18. Nxe6 {[%clk 0:18:06]}
fxe6 {[%clk 0:20:08]} 19. f4 {[%clk 0:17:58]} Nc4 {[%clk 0:17:41]} 20. Bxc4
{[%clk 0:13:16]} bxc4 {[%clk 0:18:06]} 21. Qa4 {[%clk 0:12:26]} Qe8 {[%clk
0:11:51]} 22. Qxe8 {[%clk 0:11:43]} Raxe8 {[%clk 0:12:07]} 23. Na4 {[%clk
0:08:39]} Ba7 {[%clk 0:09:41]} 24. Rad1 {[%clk 0:07:07]} Ng6 {[%clk 0:08:15]} 25.
f5 {[%clk 0:06:51]} exf5 {[%clk 0:08:36]} 26. exf5 {[%clk 0:07:10]} Ne5 {[%clk
0:08:32]} 27. Rxd6 {[%clk 0:06:53]} Ng4 {[%clk 0:08:39]} 28. Rxa6 {[%clk
0:01:19]} Rxf5 {[%clk 0:07:54]} 29. Rb1 {[%clk 0:01:38]} Bf2 {[%clk 0:06:55]} 0-1